| 000 | 01212nam a22002537a 4500 | ||
|---|---|---|---|
| 005 | 20110711160758.0 | ||
| 010 | _aENG-102980 B-459046 | ||
| 020 |
_a9780415685580 _c895.00 |
||
| 035 | _aEN-86513 B-459046 | ||
| 037 | _bDBAD / PUB | ||
| 037 | _bRBC/Ven | ||
| 082 | _a320.954 | ||
| 245 |
_aInterrogating reorganisation of states : _cedited by Asha Sarangi [and] Sudha Pai _bculture, identity and politics in India / |
||
| 260 |
_aNew Delhi _bRoutledge _c2011 |
||
| 270 |
_a912, Tolstoy House, 15-17 Tolstoy Marg, Connaught Place _bNew Delhi _e110001 |
||
| 300 |
_axxii, 319p. _c22cm (Hb) |
||
| 500 | _aIncludes bibliographical references and index | ||
| 700 |
_929429 _aSarangi, Asha |
||
| 700 |
_aPai, Sudha _929455 |
||
| 942 |
_2ddc _cEN _mINT _h320.954 |
||
| 999 |
_c53744 _d53744 |
||